000 00628nam a2200193Ia 4500
003 GCL
008 140319s9999 xx 000 0 ara d
040 _aGCL /
_cGCL
082 0 4 _a808.04
_bز ك
100 1 _aادوار الخراط
245 1 0 _a"الكتابة عبدالنوعية: مقالات فى ظاهرة ""القصة - القصيدة"" ونصوص مختارة" /
_cادوار الخراط
300 _a137 ص
490 _aكتاب
_v0
650 0 4 _aالقصة القصيرة
650 0 4 _aالقصة
650 0 4 _aالتأليف
650 0 4 _aالقصص العربية, تاريخ ونقد
942 _2ddc
_cBK
999 _c42146
_d42146